| 000 | 00000nam##2200000za#4500 |
| 001 | 9.632183 |
| 003 | CaOODSP |
| 005 | 20210624214700 |
| 007 | cr ||||||||||| |
| 008 | 150407|2005||||xxc|||||o f|0| 0 fre|d |
| 020 | |a0-662-74930-8 |
| 040 | |aCaOODSP|bfre |
| 043 | |an-cn--- |
| 086 | 1 |aHS28-29/2005F-PDF |
| 110 | 1 |aCanada.|bRessources humaines et Développement des compétences Canada. |bPolitique stratégique et planification. |
| 245 | 10|aÉvaluation formative de l'Initiative des partenariats sectoriels (IPS) : |h[ressource électronique]|brapport final / |c[par] Évaluation de programmes, Vérification et évaluation. |
| 260 | |aGatineau - Québec : |bRessources humaines et Développement des compétences Canada. |cDécembre 2004. |
| 300 | |a99p.|bfigures, tableaux |
| 590 | |a13-22-Supp|b2013-09-26 |
| 775 | 08|tFormative evaluation of the Sectoral Partnerships Initiative (SPI) : |w(CaOODSP)9.687739 |
| 856 | 40|ahttp://publications.gc.ca|qPDF|s623 Ko|uhttps://publications.gc.ca/collections/collection_2013/rhdcc-hrsdc/HS28-29-2005-fra.pdf |
| 986 | |aSP-AH-678-12-04F |